| 000 | 00365nam a2200157Ia 4500 | ||
|---|---|---|---|
| 008 | 210210b1973 xxu||||| |||| 00| 0 eng d | ||
| 020 | _a0 7158 0274 7 | ||
| 082 | _a769.56 STAM | ||
| 100 | _a- | ||
| 245 | _aSTAMP COLLECTING. | ||
| 260 |
_aEngland _bEP Publishing ltd. _c1973 |
||
| 300 | _a48 | ||
| 650 | _aStamps | ||
| 690 | _aStamp Collecting | ||
| 906 | _a031630 | ||
| 999 |
_c82567 _d82567 |
||